Workshop technology, Part 3 / (Record no. 10219)
[ view plain ]
| 000 -LEADER | |
|---|---|
| fixed length control field | 00375cam a2200145ua 4500 |
| 003 - CONTROL NUMBER IDENTIFIER | |
| control field | OSt |
| 008 - FIXED-LENGTH DATA ELEMENTS--GENERAL INFORMATION | |
| fixed length control field | 250315b |||||||| |||| 00| 0 eng d |
| 041 ## - LANGUAGE CODE | |
| Language code of text/sound track or separate title | eng |
| 082 ## - DEWEY DECIMAL CLASSIFICATION NUMBER | |
| Classification number | 621.9 |
| Item number | CHA/WO |
| 100 ## - MAIN ENTRY--AUTHOR NAME | |
| Personal name | Chapman, W.A.F . |
| 245 ## - TITLE STATEMENT | |
| Title | Workshop technology, Part 3 / |
| 260 ## - PUBLICATION, DISTRIBUTION, ETC. (IMPRINT) | |
| Place of publication | London : |
| Name of publisher | The English Language book society , |
| Year of publication | 1962. |
| 300 ## - PHYSICAL DESCRIPTION | |
| Number of Pages | 563 ; . |
| 942 ## - ADDED ENTRY ELEMENTS (KOHA) | |
| Koha item type | Books |
| Withdrawn status | Lost status | Damaged status | Home library | Current library | Date acquired | Full call number | Accession Number | Koha item type |
|---|---|---|---|---|---|---|---|---|
| KAUAET | KAUAET | 07/04/2012 | 621.9 CHA/WO | 2489 | Books | |||
| KAUAET | 07/04/2012 | 621.9 CHA/WO | 4112 F | Books | ||||
| KAUAET | 07/04/2012 | 621.9 CHA/WO | 4112 E | Books | ||||
| KAUAET | KAUAET | 07/04/2012 | 621.9 CHA/WO | 21322 | Books |
